Statistics for Most Spoken Native American Languages

Click here to take the quiz!

General Stats

  • This quiz has been taken 27 times
  • The average score is 8 of 26

Answer Stats

#Language% Correct
170,000Navajo
96%
5,000,000Quechua
85%
1,700,000Nahuatl
81%
890,000Maya
73%
6,500,000Guaraní
65%
1,700,000Aymara
58%
260,000Mapuche
46%
480,000Zapotec
38%
520,000Mixtec
35%
1,100,000Kʼicheʼ
31%
140,000Miskito
15%
250,000Ch'ol
12%
170,000Huasteco
12%
450,000Kichwa
12%
600,000Mam
12%
310,000Otomi
12%
170,000Qʼanjobʼal
12%
420,000Wayuu
12%
410,000Kaqchikel
8%
240,000Mazateco
8%
270,000Totonac
8%
560,000Tzeltal
8%
490,000Tzotzil
8%
700,000Huaylay
4%
150,000Mazahua
4%
1,100,000Qʼeqchiʼ
0%

Score Distribution

Percentile by Number Answered

Percent of People with Each Score

Your Score History

You have not taken this quiz